000 00944cam a2200193 4500
001 WB3925-03
008 030703n2003 000 0 eng u
035 _a(Sirsi) u122916
245 _aEuropean hotel markets risk oversupply
260 _c2003
490 _aJones Lang LaSalle Press Release
_v26 June 2003 (2)
520 _aJones Lang LaSalle Hotels' "European Digest 2003" reveals a significant increase in new hotels under development in Europe and questions whether the market can support this supply. It is estimated that 4.7bn euros will be invested in new hotel construction in Europe in the three years between 2003-05. Includes European hotel markets potential winners and losers. www.joneslanglasalle.com/news/2003/06Jun/hotelsupplygrowth.asp
590 _aWB
650 _aEUROPE
650 _aHOTEL MARKET
650 _aINVESTMENT MARKET
690 _aPROPERTY-COMMERCIAL PROPERTY-COMMERCIAL PROPERTY MARKET
942 _n0
999 _c72997
_d72997